00331nam a2200133Ia 4500008004100000041000800041082001500049100001800064245003500082260003900117300001500156365000700171650001900178210719s1893 xx 000 0 und d aeng a821.4 MILP aMILTON (John) aPoetical works of John Milton. aLondonbMacmillan & Co. Ltd.c1893 axi,625bHB cRs aEnglish Poetry